En el pozo

محفوظ في:
التفاصيل البيبلوغرافية
المؤلف الرئيسي: Nogales, José
التنسيق: كتاب
اللغة:Undetermined
منشور في: San José, Costa Rica Alsina 1912
الموضوعات:
الوسوم: إضافة وسم
لا توجد وسوم, كن أول من يضع وسما على هذه التسجيلة!

MARC

LEADER 00000nam a2200000Ia 4500
008 170316s9999 xx 000 0 und d
040 |a cru BVZT 
090 |a 860 N-8e 
100 |a Nogales, José 
245 |a En el pozo 
260 |a San José, Costa Rica 
260 |b Alsina 
260 |c 1912 
300 |a 63 páginas 
650 |a LITERATURA LATINOAMERICANA 
999 |c 9030  |d 9030 
942 |c 15 D  |h 860 N-8e  |2 z